00493nam a2200193 a 4500001001300000003000900013005001700022008004100039020000800080082001600088100002600104245001700130260005400147300000800201500003500209505001300244650001600257700002600273nice12345678IN_TiNIC20260116011739.0050524s1977 hyda grp 000 0 urd  ac400a891.41bAQE aAqeel, Aqeelur Rahman aNazr-E-Iqbal aHyderabad bMarkazi Anjuman Taleemus Salat c1977 a76p aincludes index and biblioraphy2 aAppendix aUrdu-Poetry1 aAqeel, Aqeelur Rahman